[Event "DVM U12 2021-22"]
[Site "Naumburg"]
[Date "2022.03.27"]
[Round "4"]
[White "Lorenz, Veronika"]
[Black "Helms, Finn"]
[Result "0-1"]
[WhiteElo "1388"]
[BlackElo "1911"]
[Annotator "ChessBase"]
[PlyCount "104"]
[EventDate "2022.03.25"]
[EventType "team-tourn"]
[EventRounds "7"]
[EventCountry "GER"]
[SourceTitle "playchess.com"]
[Source "ChessBase"]
[SourceQuality "1"]
[TimeControl "40/5400+30:1800+30"]

1. e4 {[%emt 0:00:08]} c6 {[%emt 0:00:04]} 2. d4 {[%emt 0:00:08]} d5 {[%emt 0:00:01]} 3. exd5 {[%emt 0:00:08]} cxd5 {[%emt 0:00:02]} 4. c4 {[%emt 0:00:11]} Nf6 {[%emt 0:00:08]} 5. Nc3 {[%emt 0:00:22]} Nc6 {[%emt 0:00:07]} 6. Nf3 {[%emt 0:00:05]} g6 {[%emt 0:00:05]} 7. cxd5 {[%emt 0:00:22]} Nxd5 {[%emt 0:00:02]} 8. Bc4 {[%emt 0:00:15]} Nb6 {[%emt 0:00:18]} 9. Bb3 {[%emt 0:00:10]} Bg7 {[%emt 0:00:16]} 10. d5 {[%emt 0:00:42]} Na5 {[%emt 0:00:18]} 11. O-O {[%emt 0:01:47]} O-O {[%emt 0:00:37]} 12. Re1 {[%emt 0:01:37]} Re8 {[%emt 0:00:51]} 13. Be3 {[%emt 0:01:50]} Bg4 {[%emt 0:01:37]} 14. h3 {[%emt 0:04:00]} Bxf3 {[%emt 0:08:05]} 15. Qxf3 {[%emt 0:00:38]} Nbc4 {[%emt 0:02:04]} 16. Ba4 {[%emt 0:11:47]} Rf8 {[%emt 0:02:33]} 17. Bc5 {[%emt 0:13:37]} Ne5 {[%emt 0:02:23]} 18. Qe2 {[%emt 0:10:30]} b6 {[%emt 0:08:05]} 19. Bb4 {[%emt 0:02:45]} g5 {[%emt 0:03:41]} 20. Rad1 {[%emt 0:06:01]} Nac4 {[%emt 0:01:43]} 21. b3 {[%emt 0:08:03]} Nd6 {[%emt 0:01:34]} 22. Ne4 {[%emt 0:05:34]} h6 {[%emt 0:06:46]} 23. Bc3 {[%emt 0:07:45]} Rc8 {[%emt 0:03:06]} 24. Bxe5 {[%emt 0:04:39]} Bxe5 {[%emt 0:00:10]} 25. Bc6 {[%emt 0:01:54]} Nxe4 {[%emt 0:02:02]} 26. Qxe4 {[%emt 0:00:02]} Bc3 {[%emt 0:00:14]} 27. Rf1 {[%emt 0:01:47]} Qd6 {[%emt 0:03:12]} 28. Rc1 {[%emt 0:02:41]} Bb4 {[%emt 0:02:21]} 29. Rc4 {[%emt 0:01:39]} a5 {[%emt 0:00:46]} 30. Rfc1 {[%emt 0:01:22]} Bc5 {[%emt 0:01:00]} 31. Re1 {[%emt 0:02:03]} Qf6 {[%emt 0:02:39]} 32. Re2 {[%emt 0:01:51]} Qa1+ {[%emt 0:00:31]} 33. Kh2 {[%emt 0:00:30]} Bd6+ {[%emt 0:00:09]} 34. g3 {[%emt 0:00:10]} f5 {[%emt 0:03:51]} 35. Qe6+ {[%emt 0:07:40]} Kg7 {[%emt 0:00:08]} 36. f4 {[%emt 0:00:22]} b5 {[%emt 0:06:38]} 37. Bxb5 {[%emt 0:02:51]} Rxc4 {[%emt 0:00:12]} 38. Bxc4 {[%emt 0:00:00]} gxf4 {[%emt 0:00:44]} 39. gxf4 {[%emt 0:00:32]} Bxf4+ {[%emt 0:00:11]} 40. Kg2 {[%emt 0:00:21]} Bd6 {[%emt 0:00:28]} 41. Qe3 {[%emt 0:07:39]} Rf6 {[%emt 0:01:44]} 42. Re1 {[%emt 0:08:11]} Qb2+ {[%emt 0:00:54]} 43. Kf1 {[%emt 0:01:33]} Bb4 {[%emt 0:03:54]} 44. Rd1 {[%emt 0:05:53]} Bd6 {[%emt 0:02:36]} 45. Qd4 {[%emt 0:01:42]} Qc2 {[%emt 0:02:25]} 46. Be2 {[%emt 0:01:30]} f4 {[%emt 0:01:57]} 47. Bf3 {[%emt 0:01:38]} Bc5 {[%emt 0:01:12]} 48. Qd2 {[%emt 0:00:09]} Qf5 {[%emt 0:00:32]} 49. Bg4 {[%emt 0:00:57]} Qe4 {[%emt 0:00:21]} 50. Qg2 {[%emt 0:00:52]} Qe3 {[%emt 0:05:44]} 51. Re1 {[%emt 0:02:24]} Qc3 {[%emt 0:04:15]} 52. Re6 {[%emt 0:02:18]} Kh8 {[%emt 0:01:58]} 0-1

[Event "DVM U12 2021-22"]
[Site "Naumburg"]
[Date "2022.03.27"]
[Round "4"]
[White "Flierl, Veronika"]
[Black "Mombauer, Felix"]
[Result "1-0"]
[WhiteElo "1356"]
[BlackElo "1240"]
[Annotator "NA"]
[PlyCount "155"]
[EventDate "2022.03.25"]
[EventType "team-tourn"]
[EventRounds "7"]
[EventCountry "GER"]
[SourceTitle "playchess.com"]
[Source "ChessBase"]
[SourceQuality "1"]
[TimeControl "40/5400+30:1800+30"]

1. e4 {[%emt 0:00:02]} e5 {[%emt 0:00:06]} 2. Nf3 {[%emt 0:00:07]} Nc6 {[%emt 0:00:06]} 3. Bc4 {[%emt 0:00:11]} Nf6 {[%emt 0:00:10]} 4. Ng5 {[%emt 0:00:11]} d5 {[%emt 0:00:16]} 5. exd5 {[%emt 0:00:05]} Na5 {[%emt 0:00:06]} 6. Bb5+ {[%emt 0:00:19]} Bd7 {[%emt 0:00:28]} 7. Qe2 {[%emt 0:03:34]} c6 {[%emt 0:00:57]} 8. Qxe5+ {[%emt 0:06:26]} Qe7 {[%emt 0:00:28]} 9. Qxe7+ {[%emt 0:00:10]} Bxe7 {[%emt 0:00:07]} 10. dxc6 {[%emt 0:00:09]} bxc6 {[%emt 0:00:07]} 11. Be2 {[%emt 0:00:46]} O-O {[%emt 0:00:24]} 12. O-O {[%emt 0:02:02]} Nd5 {[%emt 0:00:27]} 13. d3 {[%emt 0:00:23]} h6 {[%emt 0:00:50]} 14. Ne4 {[%emt 0:00:44]} Rab8 {[%emt 0:00:25]} 15. Nbc3 {[%emt 0:03:39]} Rfe8 {[%emt 0:00:23]} 16. Re1 {[%emt 0:01:12]} Nb4 {[%emt 0:00:38]} 17. Bd1 {[%emt 0:01:02]} Bd6 {[%emt 0:01:16]} 18. Bd2 {[%emt 0:03:30]} Bc7 {[%emt 0:00:39]} 19. a3 {[%emt 0:01:53]} Nd5 {[%emt 0:00:29]} 20. Rb1 {[%emt 0:00:33]} Be5 {[%emt 0:01:08]} 21. Nxd5 {[%emt 0:02:20]} cxd5 {[%emt 0:00:50]} 22. Nc5 {[%emt 0:00:05]} Bc6 {[%emt 0:02:02]} 23. Bxa5 {[%emt 0:00:17]} Rb5 {[%emt 0:00:13]} 24. Nb3 {[%emt 0:00:41]} Rb7 {[%emt 0:00:52]} 25. Bf3 {[%emt 0:01:55]} Rbe7 {[%emt 0:01:16]} 26. Bb4 {[%emt 0:05:16]} Re6 {[%emt 0:00:16]} 27. Nc5 {[%emt 0:00:34]} Rg6 {[%emt 0:00:22]} 28. Re2 {[%emt 0:00:44]} Bd6 {[%emt 0:00:44]} 29. Rxe8+ {[%emt 0:00:23]} Bxe8 {[%emt 0:00:07]} 30. Bxd5 {[%emt 0:00:58]} Rg5 {[%emt 0:00:13]} 31. Ne4 {[%emt 0:00:53]} Bxh2+ {[%emt 0:00:17]} 32. Kxh2 {[%emt 0:00:17]} Rxd5 {[%emt 0:00:07]} 33. Re1 {[%emt 0:00:32]} Bd7 {[%emt 0:00:34]} 34. Nc5 {[%emt 0:02:11]} Bc6 {[%emt 0:00:31]} 35. c4 {[%emt 0:00:45]} Rh5+ {[%emt 0:00:19]} 36. Kg1 {[%emt 0:00:20]} a5 {[%emt 0:00:43]} 37. Bxa5 {[%emt 0:00:43]} Rxc5 {[%emt 0:00:20]} 38. b4 {[%emt 0:00:11]} Rg5 {[%emt 0:00:31]} 39. g3 {[%emt 0:03:21]} Rh5 {[%emt 0:00:25]} 40. Kf1 {[%emt 0:00:20]} Bf3 {[%emt 0:00:10]} 41. Re8+ {[%emt 0:30:06]} Kh7 {[%emt 0:30:12]} 42. Ke1 {[%emt 0:00:03]} Rh1+ {[%emt 0:00:23]} 43. Kd2 {[%emt 0:00:06]} Rd1+ {[%emt 0:00:27]} 44. Kc2 {[%emt 0:00:24]} Rf1 {[%emt 0:00:34]} 45. Bb6 {[%emt 0:00:18]} Ra1 {[%emt 0:00:42]} 46. Kb2 {[%emt 0:00:17]} Rd1 {[%emt 0:00:26]} 47. Rd8 {[%emt 0:00:39]} g5 {[%emt 0:00:26]} 48. a4 {[%emt 0:01:24]} h5 {[%emt 0:00:31]} 49. Be3 {[%emt 0:06:54]} h4 {[%emt 0:01:06]} 50. gxh4 {[%emt 0:02:32]} gxh4 {[%emt 0:00:07]} 51. Rd4 {[%emt 0:00:18]} Rh1 {[%emt 0:00:49]} 52. Bg5 {[%emt 0:01:31]} h3 {[%emt 0:00:12]} 53. Rh4+ {[%emt 0:00:10]} Kg6 {[%emt 0:00:08]} 54. Bf4 {[%emt 0:00:13]} f5 {[%emt 0:00:40]} 55. Rh6+ {[%emt 0:01:32]} Kg7 {[%emt 0:00:24]} 56. c5 {[%emt 0:01:32]} Rf1 {[%emt 0:01:05]} 57. Rxh3 {[%emt 0:00:51]} Rxf2+ {[%emt 0:00:27]} 58. Kc3 {[%emt 0:00:46]} Ra2 {[%emt 0:00:24]} 59. Rxf3 {[%emt 0:00:38]} Rxa4 {[%emt 0:00:08]} 60. Be5+ {[%emt 0:01:03]} Kf7 {[%emt 0:00:13]} 61. Rxf5+ {[%emt 0:01:25]} Ke6 {[%emt 0:00:47]} 62. Rh5 {[%emt 0:00:10]} Kd5 {[%emt 0:00:12]} 63. Bg3+ {[%emt 0:01:19]} Kc6 {[%emt 0:00:15]} 64. Kc4 {[%emt 0:00:56]} Ra2 {[%emt 0:00:49]} 65. Rh6+ {[%emt 0:00:44]} Kd7 {[%emt 0:00:15]} 66. c6+ {[%emt 0:00:19]} Ke7 {[%emt 0:00:28]} 67. Bd6+ {[%emt 0:01:50]} Kf7 {[%emt 0:00:23]} 68. c7 {[%emt 0:01:57]} Rc2+ {[%emt 0:00:53]} 69. Kb3 {[%emt 0:00:08]} Rxc7 {[%emt 0:00:33]} 70. Bxc7 {[%emt 0:00:11]} Kg7 {[%emt 0:00:05]} 71. Rd6 {[%emt 0:00:07]} Kf7 {[%emt 0:00:07]} 72. b5 {[%emt 0:00:10]} Ke7 {[%emt 0:00:40]} 73. b6 {[%emt 0:00:06]} Kf7 {[%emt 0:00:17]} 74. b7 {[%emt 0:00:06]} Kg7 {[%emt 0:00:25]} 75. b8=Q {[%emt 0:00:10]} Kf7 {[%emt 0:00:01]} 76. Qd8 {[%emt 0:00:25]} Kg7 {[%emt 0:00:06]} 77. Qe7+ {[%emt 0:00:06]} Kg8 {[%emt 0:00:13]} 78. Rd8# 1-0

[Event "DVM U12 2021-22"]
[Site "Naumburg"]
[Date "2022.03.27"]
[Round "4"]
[White "Teng, David"]
[Black "Schimann, Kirill"]
[Result "1-0"]
[WhiteElo "1334"]
[BlackElo "1344"]
[Annotator "NA"]
[PlyCount "99"]
[EventDate "2022.03.25"]
[EventType "team-tourn"]
[EventRounds "7"]
[EventCountry "GER"]
[SourceTitle "playchess.com"]
[Source "ChessBase"]
[SourceQuality "1"]
[TimeControl "40/5400+30:1800+30"]

1. e4 {[%emt 0:00:01]} c6 {[%emt 0:00:04]} 2. d4 {[%emt 0:00:10]} d5 {[%emt 0:00:05]} 3. Nd2 {[%emt 0:00:20]} dxe4 {[%emt 0:00:07]} 4. Nxe4 {[%emt 0:00:19]} Bf5 {[%emt 0:00:10]} 5. Ng3 {[%emt 0:00:24]} Bg6 {[%emt 0:00:10]} 6. h4 {[%emt 0:00:41]} h6 {[%emt 0:00:09]} 7. Nf3 {[%emt 0:00:37]} Nd7 {[%emt 0:01:02]} 8. h5 {[%emt 0:00:53]} Bh7 {[%emt 0:00:38]} 9. Bd3 {[%emt 0:00:30]} Bxd3 {[%emt 0:00:12]} 10. Qxd3 {[%emt 0:00:05]} e6 {[%emt 0:00:17]} 11. Bd2 {[%emt 0:00:28]} Ngf6 {[%emt 0:00:37]} 12. O-O-O {[%emt 0:00:50]} Be7 {[%emt 0:02:00]} 13. Kb1 {[%emt 0:04:02]} Qb6 {[%emt 0:04:38]} 14. Be3 {[%emt 0:05:39]} Nd5 {[%emt 0:03:30]} 15. Ne4 {[%emt 0:03:09]} Nxe3 {[%emt 0:01:07]} 16. Qxe3 {[%emt 0:01:32]} Nf6 {[%emt 0:04:34]} 17. Nxf6+ {[%emt 0:05:22]} Bxf6 {[%emt 0:00:32]} 18. g4 {[%emt 0:03:41]} c5 {[%emt 0:04:15]} 19. c3 {[%emt 0:06:55]} cxd4 {[%emt 0:01:18]} 20. cxd4 {[%emt 0:01:49]} Rd8 {[%emt 0:04:45]} 21. Rd2 {[%emt 0:09:01]} Rd5 {[%emt 0:06:35]} 22. Rc1 {[%emt 0:09:16]} O-O {[%emt 0:03:18]} 23. Rc3 {[%emt 0:08:21]} Bg5 {[%emt 0:04:22]} 24. Nxg5 {[%emt 0:01:15]} Rxg5 {[%emt 0:01:18]} 25. Rb3 {[%emt 0:06:54]} Rb5 {[%emt 0:02:05]} 26. Rdd3 {[%emt 0:06:24]} Rxb3 {[%emt 0:01:26]} 27. Rxb3 {[%emt 0:02:10]} Qc6 {[%emt 0:02:25]} 28. f3 {[%emt 0:01:00]} Rc8 {[%emt 0:02:22]} 29. Rc3 {[%emt 0:03:09]} Qd7 {[%emt 0:01:30]} 30. Rxc8+ {[%emt 0:00:57]} Qxc8 {[%emt 0:00:13]} 31. Qc1 {[%emt 0:02:33]} Qxc1+ {[%emt 0:00:40]} 32. Kxc1 {[%emt 0:00:06]} Kf8 {[%emt 0:00:03]} 33. Kd2 {[%emt 0:00:20]} Ke7 {[%emt 0:00:12]} 34. Ke3 {[%emt 0:00:54]} Kd6 {[%emt 0:01:26]} 35. Ke4 {[%emt 0:00:35]} g6 {[%emt 0:05:31]} 36. g5 {[%emt 0:01:07]} Ke7 {[%emt 0:01:33]} 37. gxh6 {[%emt 0:00:39]} Kf8 {[%emt 0:00:06]} 38. hxg6 {[%emt 0:00:37]} fxg6 {[%emt 0:00:27]} 39. Ke5 {[%emt 0:00:34]} Kf7 {[%emt 0:00:24]} 40. h7 {[%emt 0:00:40]} Kg7 {[%emt 0:00:06]} 41. Kxe6 {[%emt 0:30:07]} Kxh7 {[%emt 0:30:04]} 42. d5 {[%emt 0:00:13]} Kh6 {[%emt 0:00:09]} 43. d6 {[%emt 0:00:05]} Kh5 {[%emt 0:00:04]} 44. d7 {[%emt 0:00:04]} Kh4 {[%emt 0:00:03]} 45. d8=Q+ {[%emt 0:00:09]} Kh3 {[%emt 0:00:05]} 46. Qg5 {[%emt 0:00:14]} Kh2 {[%emt 0:00:10]} 47. Qg4 {[%emt 0:00:15]} g5 {[%emt 0:00:08]} 48. Ke5 {[%emt 0:00:09]} b5 {[%emt 0:00:11]} 49. Ke4 {[%emt 0:00:07]} b4 {[%emt 0:00:05]} 50. Ke3 {[%emt 0:00:12]} 1-0

[Event "DVM U12 2021-22"]
[Site "Naumburg"]
[Date "2022.03.27"]
[Round "4"]
[White "Fadeev, Justin Michael"]
[Black "Haubold, Christian Lucas"]
[Result "0-1"]
[WhiteElo "1327"]
[BlackElo "1808"]
[Annotator "NA"]
[PlyCount "44"]
[EventDate "2022.03.25"]
[EventType "team-tourn"]
[EventRounds "7"]
[EventCountry "GER"]
[SourceTitle "playchess.com"]
[Source "ChessBase"]
[SourceQuality "1"]
[TimeControl "40/5400+30:1800+30"]

1. e4 {[%emt 0:00:01]} e5 {[%emt 0:00:07]} 2. Nf3 {[%emt 0:00:07]} Nc6 {[%emt 0:00:08]} 3. d4 {[%emt 0:00:09]} exd4 {[%emt 0:00:24]} 4. Bc4 {[%emt 0:00:15]} Bc5 {[%emt 0:00:41]} 5. c3 {[%emt 0:00:25]} Nf6 {[%emt 0:00:41]} 6. cxd4 {[%emt 0:00:26]} Bb4+ {[%emt 0:00:41]} 7. Bd2 {[%emt 0:00:25]} Nxe4 {[%emt 0:00:47]} 8. Bxb4 {[%emt 0:00:36]} Nxb4 {[%emt 0:00:18]} 9. Bxf7+ {[%emt 0:00:31]} Kxf7 {[%emt 0:00:16]} 10. Qb3+ {[%emt 0:00:14]} d5 {[%emt 0:00:38]} 11. Ne5+ {[%emt 0:00:36]} Ke6 {[%emt 0:03:07]} 12. Qxb4 {[%emt 0:01:44]} c5 {[%emt 0:07:12]} 13. Qb3 {[%emt 0:12:18]} Qa5+ {[%emt 0:10:19]} 14. Ke2 {[%emt 0:02:32]} b6 {[%emt 0:09:54]} 15. Qf3 {[%emt 0:30:54]} Ba6+ {[%emt 0:01:30]} 16. Nd3 {[%emt 0:00:56]} Rhf8 {[%emt 0:01:03]} 17. Qh3+ {[%emt 0:03:44]} Kd6 {[%emt 0:00:08]} 18. dxc5+ {[%emt 0:03:51]} bxc5 {[%emt 0:00:46]} 19. Nc3 {[%emt 0:16:18]} Rxf2+ {[%emt 0:13:17]} 20. Kd1 {[%emt 0:00:47]} Rd2+ {[%emt 0:00:33]} 21. Ke1 {[%emt 0:01:39]} Rxd3 {[%emt 0:00:47]} 22. Qg4 {[%emt 0:00:55]} Re3+ {[%emt 0:00:09]} 0-1

[Event "DVM U12 2021-22"]
[Site "Naumburg"]
[Date "2022.03.27"]
[Round "4"]
[White "Marinin, Georgii"]
[Black "Xue, Luka"]
[Result "0-1"]
[WhiteElo "1293"]
[BlackElo "1610"]
[Annotator "NA"]
[PlyCount "66"]
[EventDate "2022.03.25"]
[EventType "team-tourn"]
[EventRounds "7"]
[EventCountry "GER"]
[SourceTitle "playchess.com"]
[Source "ChessBase"]
[SourceQuality "1"]
[TimeControl "40/5400+30:1800+30"]

1. e4 {[%emt 0:00:01]} e6 {[%emt 0:00:09]} 2. d4 {[%emt 0:00:06]} d5 {[%emt 0:00:03]} 3. Nc3 {[%emt 0:00:15]} Nf6 {[%emt 0:00:06]} 4. Bg5 {[%emt 0:00:04]} dxe4 {[%emt 0:00:15]} 5. Nxe4 {[%emt 0:00:28]} Be7 {[%emt 0:00:15]} 6. Nxf6+ {[%emt 0:00:08]} gxf6 {[%emt 0:01:06]} 7. Be3 {[%emt 0:00:15]} a6 {[%emt 0:00:27]} 8. c3 {[%emt 0:00:13]} Nd7 {[%emt 0:02:23]} 9. Nf3 {[%emt 0:00:14]} b6 {[%emt 0:03:52]} 10. Bd3 {[%emt 0:02:39]} Bb7 {[%emt 0:00:49]} 11. h4 {[%emt 0:02:30]} f5 {[%emt 0:05:09]} 12. h5 {[%emt 0:00:55]} Rg8 {[%emt 0:01:48]} 13. Rg1 {[%emt 0:00:20]} Nf6 {[%emt 0:01:24]} 14. h6 {[%emt 0:01:35]} Qd5 {[%emt 0:12:53]} 15. c4 {[%emt 0:11:25]} Qd6 {[%emt 0:03:42]} 16. a3 {[%emt 0:08:15]} Rd8 {[%emt 0:05:54]} 17. g3 {[%emt 0:07:58]} Ng4 {[%emt 0:17:04]} 18. Qe2 {[%emt 0:06:35]} Nxe3 {[%emt 0:03:53]} 19. fxe3 {[%emt 0:00:15]} Rxg3 {[%emt 0:00:50]} 20. Rf1 {[%emt 0:00:37]} Bxf3 {[%emt 0:04:50]} 21. Rxf3 {[%emt 0:00:13]} Rg1+ {[%emt 0:00:29]} 22. Rf1 {[%emt 0:00:23]} Qg3+ {[%emt 0:00:40]} 23. Kd2 {[%emt 0:00:09]} Rg2 {[%emt 0:00:35]} 24. Qxg2 {[%emt 0:01:36]} Qxg2+ {[%emt 0:00:45]} 25. Kc3 {[%emt 0:00:01]} c5 {[%emt 0:00:53]} 26. Rg1 {[%emt 0:00:27]} Qh3 {[%emt 0:03:20]} 27. Rg8+ {[%emt 0:00:58]} Kd7 {[%emt 0:00:55]} 28. Rxd8+ Kxd8 {[%emt 0:00:22]} 29. Re1 {[%emt 0:00:22]} Qxh6 {[%emt 0:01:35]} 30. d5 {[%emt 0:00:17]} Bf6+ {[%emt 0:00:10]} 31. Kb3 {[%emt 0:00:06]} exd5 {[%emt 0:00:48]} 32. Bxf5 {[%emt 0:00:08]} dxc4+ {[%emt 0:01:10]} 33. Kxc4 {[%emt 0:00:04]} Qh4+ {[%emt 0:00:11]} 0-1

[Event "DVM U12 2021-22"]
[Site "Naumburg"]
[Date "2022.03.27"]
[Round "4"]
[White "Cwiklik, Julian"]
[Black "Aaron Joel N"]
[Result "1-0"]
[WhiteElo "1255"]
[BlackElo "1197"]
[Annotator "NA"]
[PlyCount "83"]
[EventDate "2022.03.25"]
[EventType "team-tourn"]
[EventRounds "7"]
[EventCountry "GER"]
[SourceTitle "playchess.com"]
[Source "ChessBase"]
[SourceQuality "1"]
[TimeControl "40/5400+30:1800+30"]

1. e4 {[%emt 0:00:01]} e5 {[%emt 0:00:11]} 2. Nf3 {[%emt 0:00:05]} Nc6 {[%emt 0:00:10]} 3. Bc4 {[%emt 0:00:07]} Bc5 {[%emt 0:00:05]} 4. c3 {[%emt 0:00:08]} Nf6 {[%emt 0:00:10]} 5. d4 {[%emt 0:00:06]} exd4 {[%emt 0:00:06]} 6. e5 {[%emt 0:00:04]} d5 {[%emt 0:00:53]} 7. Bb5 {[%emt 0:00:00]} Ne4 {[%emt 0:00:00]} 8. cxd4 {[%emt 0:00:00]} Bb4+ {[%emt 0:00:24]} 9. Bd2 {[%emt 0:00:00]} Bxd2+ {[%emt 0:00:32]} 10. Nbxd2 {[%emt 0:00:06]} Bg4 {[%emt 0:00:31]} 11. Qc2 {[%emt 0:03:20]} Qd7 {[%emt 0:01:42]} 12. Rc1 {[%emt 0:01:40]} Nxd2 {[%emt 0:01:46]} 13. Nxd2 {[%emt 0:00:23]} O-O {[%emt 0:00:55]} 14. Bxc6 {[%emt 0:01:46]} bxc6 {[%emt 0:00:21]} 15. h3 {[%emt 0:00:54]} Bf5 {[%emt 0:00:45]} 16. Qxc6 {[%emt 0:00:48]} Qxc6 {[%emt 0:00:33]} 17. Rxc6 {[%emt 0:00:05]} Rfc8 {[%emt 0:00:20]} 18. O-O {[%emt 0:01:04]} Rab8 {[%emt 0:00:15]} 19. Nb3 {[%emt 0:03:29]} a5 {[%emt 0:00:39]} 20. g4 {[%emt 0:03:49]} Be6 {[%emt 0:00:31]} 21. Ra6 {[%emt 0:01:09]} Rb5 {[%emt 0:01:40]} 22. Nc5 {[%emt 0:03:39]} Rxb2 {[%emt 0:02:54]} 23. Rxa5 {[%emt 0:00:30]} Rd2 {[%emt 0:00:38]} 24. Nb3 {[%emt 0:02:50]} Rd3 {[%emt 0:01:06]} 25. Kg2 {[%emt 0:02:08]} h5 {[%emt 0:01:50]} 26. f3 {[%emt 0:03:45]} h4 {[%emt 0:02:39]} 27. f4 {[%emt 0:01:18]} g6 {[%emt 0:01:00]} 28. Rf3 {[%emt 0:02:45]} Rd1 {[%emt 0:01:29]} 29. f5 {[%emt 0:02:19]} gxf5 {[%emt 0:01:03]} 30. gxf5 {[%emt 0:00:20]} Bd7 {[%emt 0:00:32]} 31. Rf4 {[%emt 0:01:24]} Rd3 {[%emt 0:00:51]} 32. Nc5 {[%emt 0:01:14]} Rd2+ {[%emt 0:01:59]} 33. Kf3 {[%emt 0:02:28]} Bc6 {[%emt 0:02:20]} 34. Rg4+ {[%emt 0:01:18]} Kf8 {[%emt 0:00:30]} 35. Rxh4 {[%emt 0:00:30]} Ke7 {[%emt 0:00:31]} 36. f6+ {[%emt 0:00:55]} Kd8 {[%emt 0:01:01]} 37. Rh8+ {[%emt 0:00:17]} Be8 {[%emt 0:00:13]} 38. e6 {[%emt 0:03:29]} fxe6 {[%emt 0:02:59]} 39. f7 {[%emt 0:01:27]} c6 {[%emt 0:01:03]} 40. fxe8=Q+ Kc7 41. Qd7+ {[%emt 0:32:09]} Kb6 {[%emt 0:31:04]} 42. Qa7# 1-0

[Event "DVM U12 2021-22"]
[Site "Naumburg"]
[Date "2022.03.27"]
[Round "4"]
[White "Zimmer, Tim"]
[Black "Smith, Tobias"]
[Result "1-0"]
[WhiteElo "1170"]
[BlackElo "1571"]
[Annotator "NA"]
[PlyCount "73"]
[EventDate "2022.03.25"]
[EventType "team-tourn"]
[EventRounds "7"]
[EventCountry "GER"]
[SourceTitle "playchess.com"]
[Source "ChessBase"]
[SourceQuality "1"]
[TimeControl "40/5400+30:1800+30"]

1. e4 {[%emt 0:00:02]} c5 {[%emt 0:00:05]} 2. Nf3 {[%emt 0:00:14]} g6 {[%emt 0:00:34]} 3. d4 {[%emt 0:00:39]} cxd4 {[%emt 0:00:10]} 4. Qxd4 Nf6 {[%emt 0:01:28]} 5. e5 {[%emt 0:03:29]} Nc6 {[%emt 0:02:00]} 6. Qd1 {[%emt 0:06:11]} Nxe5 {[%emt 0:03:40]} 7. Bf4 {[%emt 0:06:37]} Nxf3+ {[%emt 0:01:20]} 8. Qxf3 {[%emt 0:00:32]} Bg7 {[%emt 0:08:31]} 9. Bc4 {[%emt 0:03:50]} O-O {[%emt 0:05:50]} 10. Nc3 {[%emt 0:05:32]} Qb6 {[%emt 0:08:50]} 11. Nb5 {[%emt 0:16:05]} d6 {[%emt 0:11:48]} 12. O-O {[%emt 0:07:20]} Bf5 13. Rfe1 {[%emt 0:04:27]} Rac8 {[%emt 0:04:08]} 14. Bf1 {[%emt 0:03:40]} a6 {[%emt 0:04:18]} 15. Be3 {[%emt 0:02:14]} Qa5 {[%emt 0:02:24]} 16. Nd4 {[%emt 0:02:19]} Be4 {[%emt 0:03:17]} 17. Qd1 {[%emt 0:03:11]} Qa4 {[%emt 0:06:36]} 18. b3 {[%emt 0:07:11]} Qd7 {[%emt 0:01:24]} 19. Bg5 {[%emt 0:04:30]} Bf5 {[%emt 0:06:40]} 20. Rc1 {[%emt 0:02:24]} Ne4 {[%emt 0:02:30]} 21. Bh4 {[%emt 0:03:57]} g5 {[%emt 0:04:27]} 22. Nxf5 {[%emt 0:02:35]} Qxf5 {[%emt 0:00:27]} 23. Bd3 {[%emt 0:00:27]} gxh4 {[%emt 0:07:32]} 24. Rxe4 {[%emt 0:00:57]} Qf6 {[%emt 0:01:27]} 25. Qh5 {[%emt 0:02:03]} Qh6 {[%emt 0:02:37]} 26. Qxh6 {[%emt 0:03:19]} Bxh6 {[%emt 0:00:05]} 27. Rce1 {[%emt 0:00:05]} e5 {[%emt 0:03:58]} 28. Rxh4 {[%emt 0:00:11]} Kg7 {[%emt 0:00:17]} 29. Bf5 {[%emt 0:02:03]} Rc5 {[%emt 0:01:11]} 30. Rd1 {[%emt 0:00:49]} Rc6 {[%emt 0:02:10]} 31. Rd3 {[%emt 0:01:09]} Bg5 {[%emt 0:01:53]} 32. Rg4 {[%emt 0:01:53]} Rxc2 {[%emt 0:03:44]} 33. Rxg5+ {[%emt 0:02:37]} Kf6 {[%emt 0:01:04]} 34. Rxd6+ {[%emt 0:00:39]} Kxg5 {[%emt 0:00:06]} 35. Bxc2 {[%emt 0:00:11]} Rc8 {[%emt 0:00:08]} 36. Rd2 {[%emt 0:00:05]} Kf4 {[%emt 0:00:37]} 37. Kf1 1-0

[Event "DVM U12 2021-22"]
[Site "Naumburg"]
[Date "2022.03.27"]
[Round "4"]
[White "Sato, Kai Nathan"]
[Black "Uhl, Henry"]
[Result "1-0"]
[WhiteElo "1151"]
[BlackElo "1301"]
[Annotator "NA"]
[PlyCount "79"]
[EventDate "2022.03.25"]
[EventType "team-tourn"]
[EventRounds "7"]
[EventCountry "GER"]
[SourceTitle "playchess.com"]
[Source "ChessBase"]
[SourceQuality "1"]
[TimeControl "40/5400+30:1800+30"]

1. e4 {[%emt 0:00:01]} c5 {[%emt 0:00:10]} 2. Nf3 {[%emt 0:00:02]} Nc6 {[%emt 0:00:25]} 3. d4 {[%emt 0:00:05]} cxd4 {[%emt 0:00:11]} 4. Nxd4 {[%emt 0:00:06]} g6 {[%emt 0:00:31]} 5. c4 {[%emt 0:00:10]} Bg7 {[%emt 0:00:51]} 6. Be3 {[%emt 0:00:07]} Nf6 {[%emt 0:01:27]} 7. Nc3 {[%emt 0:00:06]} O-O {[%emt 0:01:15]} 8. Be2 {[%emt 0:00:04]} d6 {[%emt 0:01:33]} 9. O-O {[%emt 0:00:08]} Bd7 {[%emt 0:01:03]} 10. f3 {[%emt 0:00:31]} Rc8 {[%emt 0:01:23]} 11. Qd2 {[%emt 0:00:43]} Ne5 {[%emt 0:01:05]} 12. b3 {[%emt 0:00:26]} Qa5 {[%emt 0:01:49]} 13. f4 {[%emt 0:05:07]} Nc6 {[%emt 0:01:24]} 14. Qc2 {[%emt 0:02:12]} Ng4 {[%emt 0:07:05]} 15. Nxc6 {[%emt 0:08:18]} bxc6 {[%emt 0:01:01]} 16. Bxg4 {[%emt 0:04:39]} Bxg4 {[%emt 0:00:21]} 17. Bd2 {[%emt 0:03:14]} Qb6+ {[%emt 0:02:44]} 18. Kh1 {[%emt 0:01:48]} Rfd8 {[%emt 0:01:08]} 19. h3 {[%emt 0:01:06]} Bd7 {[%emt 0:01:42]} 20. Rf3 {[%emt 0:01:04]} f5 {[%emt 0:01:12]} 21. Re1 {[%emt 0:01:27]} e5 {[%emt 0:03:17]} 22. Na4 {[%emt 0:01:32]} Qb7 {[%emt 0:01:18]} 23. c5 {[%emt 0:02:43]} d5 {[%emt 0:01:35]} 24. exd5 {[%emt 0:01:17]} e4 {[%emt 0:01:33]} 25. dxc6 {[%emt 0:01:48]} Bxc6 {[%emt 0:00:42]} 26. Rf2 {[%emt 0:02:20]} Bxa4 {[%emt 0:01:54]} 27. bxa4 {[%emt 0:01:16]} Rd5 {[%emt 0:01:15]} 28. Be3 {[%emt 0:02:38]} Bf6 {[%emt 0:02:45]} 29. Rb1 {[%emt 0:01:45]} Qc6 {[%emt 0:01:15]} 30. Qc4 {[%emt 0:01:15]} Kg7 {[%emt 0:01:00]} 31. Rb5 {[%emt 0:01:02]} Rd3 {[%emt 0:01:16]} 32. Rb3 {[%emt 0:02:25]} Rcd8 {[%emt 0:01:17]} 33. Rf1 {[%emt 0:05:19]} Rxb3 {[%emt 0:01:15]} 34. axb3 {[%emt 0:00:37]} Rd3 {[%emt 0:00:40]} 35. Re1 {[%emt 0:01:02]} Bh4 {[%emt 0:00:29]} 36. Bd4+ {[%emt 0:02:27]} Kf8 {[%emt 0:00:46]} 37. Re3 {[%emt 0:01:10]} Rd2 {[%emt 0:00:50]} 38. Qb4 {[%emt 0:01:41]} Bf2 {[%emt 0:00:46]} 39. Qxd2 {[%emt 0:00:28]} Bxe3 {[%emt 0:00:13]} 40. Bxe3 {[%emt 0:01:00]} 1-0